Super Smash Bros. Ultimate Stages Without Characters - Statistics

General Stats
  • This quiz has been taken 106 times
  • The average score is 6 of 8
Answer Stats
Stage Series % Correct
Tomodachi Life Tomodachi
92%
Wrecking Crew Wrecking Crew
89%
Balloon Fight Balloon Fight
86%
Pilotwings Pilotwings
84%
Living Room Nintendogs
82%
Find Mii Find Mii
66%
Pictochat 2 DS
55%
Hanenbow Electroplankton
54%
No matching quizzes found
Score Distribution
Percent of People with Each Score
Percentile by Number Answered
Your Score History
You have not taken this quiz